000 00358nam a2200133Ia 4500
008 150202s9999 xx 000 0 und d
020 _a812507452
050 _aFIC
_bFIC
100 _aGear, Michael W.
245 _aPeople of the sea /
_cMicahel W. Gear.
260 _aNew York :
_bTor Books,
_c1993.
300 _a560 pages :
_c18 cm.
650 _aFiction.
999 _c282025
_d282025